Impact as a planning consideration in major shopping development proposals (Record no. 1411)
[ view plain ]
| 000 -LEADER | |
|---|---|
| fixed length control field | 01255cab a2200241 4500 |
| 001 - CONTROL NUMBER | |
| control field | ABS37105 |
| 008 - FIXED-LENGTH DATA ELEMENTS--GENERAL INFORMATION | |
| fixed length control field | 090401t1986 xxu||||| |||| 00| 0 eng d |
| 035 ## - SYSTEM CONTROL NUMBER | |
| System control number | (Sirsi) u2335 |
| 041 ## - LANGUAGE CODE | |
| Language code of text/sound track or separate title | eng |
| 100 ## - MAIN ENTRY--PERSONAL NAME | |
| Personal name | Stuart, S.L. |
| 245 ## - TITLE STATEMENT | |
| Title | Impact as a planning consideration in major shopping development proposals |
| 260 ## - PUBLICATION, DISTRIBUTION, ETC. | |
| Date of publication, distribution, etc. | 1986 |
| 350 ## - PRICE (NR) (BK AM CF MU VM SE) [OBSOLETE] | |
| Price | 0 |
| 490 ## - SERIES STATEMENT | |
| Series statement | Scottish Planning Law and Practice |
| Volume/sequential designation | (19) October 1986, 70-72(3) |
| 520 ## - SUMMARY, ETC. | |
| Summary, etc. | Considers to what extent the impact of major retail development proposals on existing centres may be a material planning consideration, concentrating on hypermarkets , superstores and supermarkets and retail warehouses . Examines a potential problem with impact policies, ie. the difficulty of distinguishing between a legitimate attempt to avoid an adverse effect on existing centres and their continuing viability and an illegitimate purpose of trying to protect shops in such centres from ordinary business competition. Extensive lists of references, the majority of which are Scottish decisions. |
| 650 ## - SUBJECT ADDED ENTRY--TOPICAL TERM | |
| Topical term or geographic name entry element | OUT-OF-TOWN SHOPPING CENTRES |
| 650 ## - SUBJECT ADDED ENTRY--TOPICAL TERM | |
| Topical term or geographic name entry element | PLANNING FACTORS |
| 650 ## - SUBJECT ADDED ENTRY--TOPICAL TERM | |
| Topical term or geographic name entry element | SCOTLAND |
| 650 ## - SUBJECT ADDED ENTRY--TOPICAL TERM | |
| Topical term or geographic name entry element | SHOPPING CENTRES |
| 690 ## - LOCAL SUBJECT ADDED ENTRY--TOPICAL TERM (OCLC, RLIN) | |
| Topical term or geographic name as entry element | PLANNING LAW AND PRACTICE |
| 942 ## - ADDED ENTRY ELEMENTS (KOHA) | |
| Suppress in OPAC | 0 |
| 948 ## - LOCAL PROCESSING INFORMATION (OCLC); SERIES PART DESIGNATOR (RLIN) | |
| c (OCLC) | 04/03/1997 |
| Withdrawn status | Lost status | Source of classification or shelving scheme | Damaged status | Not for loan | Home library | Current library | Shelving location | Date acquired | Total Checkouts | Full call number | Barcode | Date last seen | Copy number | Price effective from | Koha item type |
|---|---|---|---|---|---|---|---|---|---|---|---|---|---|---|---|
| Dewey Decimal Classification | London | London | Journal article | 14/09/1999 | ABS37105 | 2335-1001 | 06/08/2019 | 1 | 06/08/2019 | Journal article |